| 000 | 00396nam a2200157Ia 4500 | ||
|---|---|---|---|
| 008 | 210716s2008 xx 000 0 und d | ||
| 020 | _a9788126518517 | ||
| 041 | _aeng | ||
| 082 | _a658.152 DAMA | ||
| 100 | _aDamodaran, Aswath. | ||
| 245 | _aApplied corporate finance. | ||
| 250 | _a3 | ||
| 260 |
_aNew Delhi _bWiley India _c2008 |
||
| 300 | _axiv,738/2015 | ||
| 650 | _aFinancial Management | ||
| 999 |
_c209919 _d209919 |
||